Η επιρροή του κράτους στο στιγματισμό κοινωνικών ομάδων (νέοι) : πτυχιακή εργασία
Αποθηκεύτηκε σε:
| Κύριος συγγραφέας: | |
|---|---|
| Συγγραφή απο Οργανισμό/Αρχή: | |
| Άλλοι συγγραφείς: | |
| Μορφή: | Thesis Βιβλίο |
| Γλώσσα: | Greek |
| Δημοσίευση: |
Μυτιλήνη :
Πανεπιστήμιο Αιγαίου, Σχολή Κοινωνικών Επιστημών, Τμήμα Κοινωνιολογίας,
2007
|
| Θέματα: | |
| Διαθέσιμο Online: | http://hdl.handle.net/11610/7846 |
| Ετικέτες: |
Προσθήκη ετικέτας
Δεν υπάρχουν, Καταχωρήστε ετικέτα πρώτοι!
|
MARC
| LEADER | 00000cam a2200000 i 4500 | ||
|---|---|---|---|
| 001 | 1/90376 | ||
| 008 | 080702s2007 gre d | ||
| 035 | |l 10098658 | ||
| 040 | |a GR-MY-UA |b gre |e aacr | ||
| 041 | 0 | |a gre | |
| 082 | 0 | |a 364.36 |2 (22) | |
| 100 | 1 | |a Πυλαρινού, Ζαχαρούλα. | |
| 245 | 1 | 2 | |a Η επιρροή του κράτους στο στιγματισμό κοινωνικών ομάδων (νέοι) : |b πτυχιακή εργασία / |c Πυλαρινού Ζαχαρούλα ; υπεύθυνος καθηγητής: Σ. Γεωργούλα |
| 260 | |a Μυτιλήνη : |b Πανεπιστήμιο Αιγαίου, Σχολή Κοινωνικών Επιστημών, Τμήμα Κοινωνιολογίας, |c 2007 | ||
| 300 | |a 84 σ.; |c 30 εκ. | ||
| 502 | |a Πτυχιακή εργασία – Πανεπιστήμιο Αιγαίου, Λέσβος, 2007. | ||
| 504 | |a Βιβλιογραφία: σ. 83-84 | ||
| 650 | 0 | 0 | |a Criminal justice, Administration of. |
| 650 | 0 | 0 | |a Justice, Administration of. |
| 650 | 0 | 0 | |a Discrimination in criminal justice administration. |
| 650 | 0 | 0 | |a Discrimination in juvenile justice administration. |
| 650 | 0 | 0 | |a Dissertations, Academic |z Greece. |
| 700 | 1 | |4 ths |a Γεωργούλας, Στράτος. | |
| 710 | 2 | |a Πανεπιστήμιο Αιγαίου |b Σχολή Κοινωνικών Επιστημών |b Τμήμα Κοινωνιολογίας. | |
| 852 | |a INST |b LESVOS |c DIATR |e 20080702 |h 309 |p 005100039793 |q 005100039793 |t DIE |y 23 | ||
| 852 | |a INST |b LESVOS |c DIATR |e 20080702 |h 310 |p 005100039792 |q 005100039792 |t DIE |y 23 | ||
| 856 | |u http://hdl.handle.net/11610/7846 | ||
| 901 | |a BIBL1-2008-3 | ||
| 909 | |a Λ |b 158895 | ||
| 909 | |a Λ |b 158896 | ||
| 924 | |a Πυλαρινού |b Ζαχαρούλα |y Λέσβος |z 2007-11 | ||
| 970 | |a Καμάτσου |b Δέσποινα |z 2008/07/03 | ||